| 000 | 00628nam a2200181Ia 4500 | ||
|---|---|---|---|
| 003 | OSt | ||
| 005 | 20260407134411.0 | ||
| 008 | 160316s2013 xxu||||| |||| 00| 0 eng d | ||
| 082 | _a330 ECO | ||
| 245 |
_aEconomic survey of Karnataka 2012 - 2013 : _bplanning, programme monitoring and statistics department / _cGovernment Of Karnataka |
||
| 260 |
_aBangalore : _bGovernment Of Karnataka, _c2013. |
||
| 300 |
_axxxvi, 512 p, ; _c28 cm. |
||
| 365 | _bGratis | ||
| 650 | _aEconomic Survey - India - Karnataka - 2012 - 2013. | ||
| 650 | _a Economic Development - Status | ||
| 700 |
_aGovernment Of Karnataka _a |
||
| 942 |
_2ddc _cBK |
||
| 999 |
_c33164 _d33164 |
||